ბათუმის შოთა რუსთაველის სახელმწიფო უნივერსიტეტის ბიბლიოთეკა

Ecotourism: (ბიბ.ჩანაწერი № 57767)

000 -LEADER
fixed length control field 00627nam a22001937a 4500
005 - DATE AND TIME OF LATEST TRANSACTION
control field 20201105140620.0
008 - FIXED-LENGTH DATA ELEMENTS--GENERAL INFORMATION
fixed length control field 201105s2019 enk||||| |||| 00| 0 eng d
020 ## - INTERNATIONAL STANDARD BOOK NUMBER
International Standard Book Number 9781138202108
041 ## - LANGUAGE CODE
Language code of text/sound track or separate title eng
080 ## - UNIVERSAL DECIMAL CLASSIFICATION NUMBER
Universal Decimal Classification number 338.48:796.5 W-37
100 ## - MAIN ENTRY--PERSONAL NAME
Personal name Wearing, Stephen
9 (RLIN) 9726
245 ## - TITLE STATEMENT
Title Ecotourism:
Remainder of title Transitioning to the 22nd Century /
Statement of responsibility, etc. Stephen Wearing (Author), Stephen Schweinsberg (Author).
250 ## - EDITION STATEMENT
Edition statement 3rd edition
264 ## - PRODUCTION, PUBLICATION, DISTRIBUTION, MANUFACTURE, AND COPYRIGHT NOTICE
Place of production, publication, distribution, manufacture London:
Name of producer, publisher, distributor, manufacturer Routledge,
Date of production, publication, distribution, manufacture, or copyright notice 2019.
300 ## - PHYSICAL DESCRIPTION
Extent 178 p.
Other physical details 25 cm.
653 ## - INDEX TERM--UNCONTROLLED
keyword ეკოტურიზმი
700 ## - ADDED ENTRY--PERSONAL NAME
Personal name Schweinsberg, Stephen
Relator term ავტორი
9 (RLIN) 9727
942 ## - ADDED ENTRY ELEMENTS (KOHA)
Source of classification or shelving scheme
Koha item type წიგნი
ეგზემპლარები
Withdrawn status Lost status Source of classification or shelving scheme Damaged status Not for loan Permanent Location Current Location Shelving location Date acquired Cost, normal purchase price Full call number Barcode Date last seen Copy number Price effective from Koha item type Public note
          ბათუმის შოთა რუსთაველის სახელმწიფო უნივერსიტეტის მთავარი ბიბლიოთეკა ბათუმის შოთა რუსთაველის სახელმწიფო უნივერსიტეტის მთავარი ბიბლიოთეკა წიგნსაცავი 2020-11-05 135.00 338.48:796.5 W-37 61097 2020-11-05 61097 2020-11-05 წიგნი 135 ლ.